|
|
|
|
| LEADER |
00000nam a2200000 a 4500 |
| 001 |
vtls001417625 |
| 003 |
SK-MaSNL |
| 005 |
20260301012703.0 |
| 008 |
251124s2000 HU a r y 0 slo |
| 015 |
|
|
|a SNBZSA2001-00385
|
| 020 |
|
|
|a 9636406952
|
| 035 |
|
|
|a SNK000372410
|
| 040 |
|
|
|a SNK
|b slo
|c SNK
|e AACR2
|
| 041 |
0 |
|
|a slo
|
| 044 |
|
|
|a HU
|
| 080 |
|
|
|a 271-055.2(06)
|2 1981
|
| 100 |
0 |
|
|a Myriam,
|c matka
|4 aut
|9 66089
|
| 245 |
1 |
|
|a Kto sú Mariánske sestry?
|b Mariánske Sestry Izraela a Svätého Jána, Malé Sestry Izraela, Dcéry Nepoškvrnenej Sprostredkovateľky vsetkých milostí
|c M`ere Myriam
|
| 260 |
|
|
|a Budapešť
|b Urbán Margit
|c 2000
|
| 300 |
|
|
|a [6], 16, 12, 6 s.
|c 30 cm
|
| 500 |
|
|
|a Prel. Zuzana Mózesová
|
| 610 |
0 |
7 |
|a Mariánske sestry
|a rehoľa
|x stanovy
|2 SNK
|9 298128
|
| 611 |
1 |
7 |
|a Mariánske sestry
|a rehoľa
|x stanovy
|2 SNK
|9 298129
|
| 655 |
|
7 |
|a príručky
|2 SNK
|9 74364
|
| 919 |
|
|
|a 963-640-695-2
|
| 958 |
|
|
|a OND
|
| 958 |
|
|
|a ISN
|
| 958 |
|
|
|a ZS
|
| 958 |
|
|
|a RM
|
| 958 |
|
|
|a NT
|
| 958 |
|
|
|a OP
|
| 958 |
|
|
|a FR
|
| 999 |
|
|
|c 554151
|d 556081
|
| 952 |
|
|
|t P60, <03>, [BOOK], {603}
|a SNK
|b SNK
|y PREZ
|7 0
|p 17A0312150
|o snkSB 63841
|i snkV 1248/2001
|0 0
|1 0
|4 0
|d 2001-08-23
|l 0
|r 2025-04-17 00:00:00
|w 2026-02-23
|